[Event "11th EUR-ch"]
[Site "Rijeka CRO"]
[Date "2010.03.12"]
[Round "7"]
[White "Nijboer, Friso"]
[Black "Nedilko, Vasyl"]
[Result "1-0"]
[WhiteElo "2562"]
[BlackElo "2400"]
[EventDate "2010.03.06"]
[PlyCount "39"]

1.e4 c5 2.Nf3 d6 3.d4 cxd4 4.Nxd4 Nf6 5.Nc3 a6 6.Be2 e5 7.Nb3 Be7 8.O-O 
O-O 9.Re1 Be6 10.Bf3 Nbd7 11.a4 Qc7 12.Nd2 Rfd8 13.Nf1 d5 14.exd5 Nb6 15.
Ne3 Bb4 16.Bd2 Bxd5 17.a5 Bxf3 18.axb6 Qxb6 19.Qxf3 Rxd2 20.Nc4 1-0

[Event "11th EUR-ch"]
[Site "Rijeka CRO"]
[Date "2010.03.12"]
[Round "7"]
[White "Maslak, Konstantin"]
[Black "Lekic, Dusan"]
[Result "1-0"]
[WhiteElo "2560"]
[BlackElo "2396"]
[EventDate "2010.03.06"]
[PlyCount "115"]

1.e4 e5 2.Nf3 Nc6 3.Bb5 a6 4.Ba4 Nf6 5.O-O Be7 6.Re1 b5 7.Bb3 O-O 8.h3 Bb7
9.d3 d5 10.exd5 Nxd5 11.Nxe5 Nd4 12.Nd2 c5 13.Nef3 Nxb3 14.Nxb3 Nb4 15.a3 
Bxf3 16.gxf3 Nc6 17.Be3 Qd5 18.f4 Rad8 19.Nd2 Rd6 20.Qf3 Qf5 21.Kh2 Rh6 
22.Rg1 Bf6 23.c3 Rd8 24.Rg3 Bh4 25.Rg4 Rxd3 26.Rag1 g6 27.Qe4 Qxe4 28.Nxe4
f5 29.Nxc5 Bxf2 30.Nxd3 Bxe3 31.R4g3 Bxg1+ 32.Rxg1 Kf7 33.Re1 Nd8 34.Kg3 
Ne6 35.h4 Rh5 36.b4 Kf6 37.Nc5 Nxf4 38.Nd7+ Kf7 39.Kxf4 Rxh4+ 40.Ke5 Rc4 
41.Re3 h5 42.Kd5 Kg7 43.Ne5 Rc8 44.Rg3 Rd8+ 45.Ke6 Re8+ 46.Kd6 Kh7 47.Rh3 
Kh6 48.Re3 Kg7 49.c4 bxc4 50.Nxc4 Rh8 51.Re7+ Kf6 52.Re6+ Kg5 53.Ne5 Rg8 
54.Ke7 f4 55.Rxa6 Kf5 56.Kf7 Kxe5 57.Kxg8 f3 58.Rc6 1-0

[Event "11th EUR-ch"]
[Site "Rijeka CRO"]
[Date "2010.03.12"]
[Round "7"]
[White "Shimanov, Alexander"]
[Black "Plat, Vojtech"]
[Result "1/2-1/2"]
[WhiteElo "2553"]
[BlackElo "2395"]
[EventDate "2010.03.06"]
[PlyCount "138"]

1.Nf3 c5 2.c4 Nc6 3.d4 cxd4 4.Nxd4 g6 5.e4 Bg7 6.Be3 Nf6 7.Nc3 d6 8.Be2 
O-O 9.Nc2 Be6 10.O-O a6 11.f3 Rc8 12.Qd2 Nd7 13.Rac1 f5 14.exf5 Rxf5 15.f4
Rf8 16.b3 Qa5 17.Nd4 Nxd4 18.Bxd4 Bxd4+ 19.Qxd4 Qc5 20.Qxc5 Nxc5 21.g3 
Rfd8 22.Rfd1 a5 23.Bf3 b6 24.Bd5 Kf7 25.Bxe6+ Nxe6 26.Nd5 Rc6 27.Re1 Rd7 
28.Rcd1 Nc7 29.Ne3 e6 30.Rd4 h5 31.Red1 Ne8 32.R1d2 Nf6 33.Kg2 d5 34.h3 
Rcd6 35.cxd5 Nxd5 36.Kf3 b5 37.Nxd5 exd5 38.g4 hxg4+ 39.hxg4 Kf6 40.Rc2 
Rh7 41.Rc5 Rh2 42.Rdxd5 Rxd5 43.Rxd5 Rxa2 44.Rxb5 a4 45.Rb6+ Kf7 46.Rb7+ 
Kg8 47.b4 a3 48.Ke4 Rb2 49.Ke5 a2 50.Ra7 Rxb4 51.Rxa2 Rb6 52.Ra7 Kf8 53.
Rh7 Ra6 54.Rg7 Rb6 55.Kd5 Rf6 56.Ke5 Rb6 57.Rc7 Ra6 58.g5 Rb6 59.Kd5 Rb4 
60.Rc4 Rb5+ 61.Kd6 Kf7 62.Rc7+ Kg8 63.Rc5 Rb6+ 64.Rc6 Rb5 65.Rc5 Rb6+ 66.
Kd5 Rb7 67.Ke6 Rf7 68.Rc4 Rf5 69.Rd4 Kg7 1/2-1/2

[Event "11th EUR-ch"]
[Site "Rijeka CRO"]
[Date "2010.03.12"]
[Round "7"]
[White "Piscopo, Pierluigi"]
[Black "Cvitan, Ognjen"]
[Result "1/2-1/2"]
[WhiteElo "2418"]
[BlackElo "2550"]
[EventDate "2010.03.06"]
[PlyCount "24"]

1.e4 c5 2.Nf3 d6 3.d4 cxd4 4.Nxd4 Nf6 5.Nc3 a6 6.Be3 e5 7.Nb3 Be6 8.Qd2 
Nbd7 9.O-O-O b5 10.f3 Be7 11.g4 O-O 12.Kb1 Qc7 1/2-1/2

[Event "11th EUR-ch"]
[Site "Rijeka CRO"]
[Date "2010.03.12"]
[Round "7"]
[White "Barle, Janez"]
[Black "Nikolov, Momchil"]
[Result "1/2-1/2"]
[WhiteElo "2415"]
[BlackElo "2550"]
[EventDate "2010.03.06"]
[PlyCount "82"]

1.e4 c5 2.Ne2 Nc6 3.Nbc3 e6 4.g3 d5 5.exd5 exd5 6.Bg2 d4 7.Nd5 Nge7 8.Nef4
Nxd5 9.Nxd5 Bd6 10.O-O O-O 11.d3 Bf5 12.h3 Qd7 13.Kh2 Nb4 14.Nxb4 cxb4 15.
b3 Rac8 16.Bb2 Bb8 17.Qd2 Rfd8 18.Rfc1 a5 19.a3 bxa3 20.Rxa3 b6 21.Ra4 Be5
22.f4 Bf6 23.g4 Be6 24.g5 b5 25.Rxa5 Be7 26.Ba3 Bxa3 27.Rxa3 g6 28.Rca1 
Bd5 29.Ra7 Rc7 30.Rxc7 Qxc7 31.Bxd5 Rxd5 32.Qf2 h6 33.gxh6 Kh7 34.Re1 Kxh6
35.Re4 Qd6 36.Kg2 Kh7 37.Qh4+ Kg7 38.Re8 Rh5 39.Qd8 Qxf4 40.Rg8+ Kh7 41.
Rh8+ Kg7 1/2-1/2

[Event "11th EUR-ch"]
[Site "Rijeka CRO"]
[Date "2010.03.12"]
[Round "7"]
[White "Lopez Martinez, Josep Manuel"]
[Black "Zaslavsky, Mikhail"]
[Result "1-0"]
[WhiteElo "2548"]
[BlackElo "2391"]
[EventDate "2010.03.06"]
[PlyCount "83"]

1.e4 c5 2.Nf3 Nc6 3.Bb5 g6 4.Bxc6 dxc6 5.d3 Bg7 6.h3 Nf6 7.Nc3 Nd7 8.Be3 
e5 9.Qd2 h6 10.O-O Qe7 11.Nh2 Nf8 12.f4 exf4 13.Bxf4 Ne6 14.Bg3 O-O 15.e5 
Nd4 16.Rae1 Bf5 17.Ne4 Bxe4 18.Rxe4 Nf5 19.Bf4 Kh7 20.Ng4 Rad8 21.Qf2 Rd5 
22.b3 Rfd8 23.Bc1 Kh8 24.Bb2 Qc7 25.Nf6 Bxf6 26.exf6 Kh7 27.Rfe1 Qg3 28.
Qxg3 Nxg3 29.Re7 Rf8 30.Rxb7 a5 31.Rc7 g5 32.Rxc6 Kg6 33.Ba3 h5 34.Bxc5 
Rfd8 35.Bb6 Ra8 36.Rc5 Rxc5 37.Bxc5 Kxf6 38.c4 Kg6 39.d4 f5 40.Re6+ Kf7 
41.Re5 Rc8 42.Be7 1-0

[Event "11th EUR-ch"]
[Site "Rijeka CRO"]
[Date "2010.03.12"]
[Round "7"]
[White "Petre, Nad-Titus"]
[Black "Jovanic, Ognjen"]
[Result "1/2-1/2"]
[WhiteElo "2410"]
[BlackElo "2538"]
[EventDate "2010.03.06"]
[PlyCount "44"]

1.e4 e5 2.Nf3 Nc6 3.Nc3 Nf6 4.Bb5 Bd6 5.O-O O-O 6.d3 h6 7.a3 Re8 8.Bc4 Bf8
9.Be3 d6 10.h3 Ne7 11.d4 exd4 12.Qxd4 Ng6 13.Rad1 Bd7 14.Rfe1 Qc8 15.Bf1 
Ne5 16.Nxe5 dxe5 17.Qd2 Bc6 18.f3 a6 19.Bc4 Bd7 20.Nd5 Nxd5 21.Bxd5 Be6 
22.Qc3 c6 1/2-1/2

[Event "11th EUR-ch"]
[Site "Rijeka CRO"]
[Date "2010.03.12"]
[Round "7"]
[White "San Segundo Carrillo, Pablo"]
[Black "Golubovic, Boris"]
[Result "1/2-1/2"]
[WhiteElo "2534"]
[BlackElo "2392"]
[EventDate "2010.03.06"]
[PlyCount "33"]

1.d4 d5 2.c4 dxc4 3.Nf3 a6 4.e3 b5 5.a4 Bb7 6.b3 e6 7.axb5 axb5 8.Rxa8 
Bxa8 9.bxc4 bxc4 10.Bxc4 Nf6 11.Nbd2 Nbd7 12.O-O Be7 13.Qc2 c5 14.dxc5 O-O
15.Bb2 Nxc5 16.Bd4 Nce4 17.Nxe4 1/2-1/2

[Event "11th EUR-ch"]
[Site "Rijeka CRO"]
[Date "2010.03.12"]
[Round "7"]
[White "Zavhorodnii, Serhii"]
[Black "Papin, Vasily"]
[Result "1/2-1/2"]
[WhiteElo "2409"]
[BlackElo "2532"]
[EventDate "2010.03.06"]
[PlyCount "72"]

1.e4 c5 2.Nc3 a6 3.g3 b5 4.Bg2 Bb7 5.d3 e6 6.Nge2 b4 7.Na4 d5 8.O-O Nf6 9.
Bg5 Qa5 10.b3 dxe4 11.Bxf6 gxf6 12.Nf4 Bd6 13.Nh5 Be5 14.dxe4 Nc6 15.Rc1 
c4 16.Kh1 Bd4 17.a3 c3 18.axb4 Qxb4 19.Qf3 O-O-O 20.Nxf6 h5 21.Nxh5 Ne5 
22.Qe2 Bc6 23.Nf4 Bb5 24.Nd3 Nxd3 25.cxd3 Kb8 26.e5 Qxb3 27.Qf3 Rd5 28.
Qxf7 Qxa4 29.Qxe6 Rd7 30.Ra1 Qc2 31.Rxa6 Bxa6 32.Qxd7 Qxd3 33.Qd6+ Kc8 34.
Qc6+ Kb8 35.Qd6+ Kc8 36.Qc6+ Kb8 1/2-1/2

[Event "11th EUR-ch"]
[Site "Rijeka CRO"]
[Date "2010.03.12"]
[Round "7"]
[White "Martic, Zlatko"]
[Black "Gdanski, Jacek"]
[Result "0-1"]
[WhiteElo "2404"]
[BlackElo "2527"]
[EventDate "2010.03.06"]
[PlyCount "97"]

1.d4 g6 2.e4 Bg7 3.Nc3 c5 4.Nf3 cxd4 5.Nxd4 Nc6 6.Be3 Nf6 7.Be2 O-O 8.Qd2 
d6 9.O-O-O Nxd4 10.Bxd4 Be6 11.Kb1 Qa5 12.Bxf6 exf6 13.Nd5 Qa4 14.Qb4 Qxb4
15.Nxb4 Rfe8 16.Rhe1 Rac8 17.Bb5 Red8 18.c3 Kf8 19.Rd2 Rc5 20.Bd3 Bh6 21.
Rdd1 Rh5 22.h3 Rg5 23.g4 Ra5 24.Bc2 Bf4 25.Bb3 g5 26.Bd5 Rb5 27.a4 Rb6 28.
a5 Rb5 29.a6 bxa6 30.Nxa6 Rb6 31.Nb4 Rc8 32.Rd3 Be5 33.Na2 a5 34.Kc2 a4 
35.Ra1 Bd7 36.Nc1 h5 37.gxh5 Kg7 38.b3 Rb4 39.Bc4 axb3+ 40.Bxb3 Rxe4 41.
Ra7 Be8 42.Bd5 Rf4 43.f3 f5 44.Ne2 Ra4 45.Rb7 Kf6 46.Kb3 Rh4 47.Nd4 Rxh5 
48.c4 Rxh3 49.Nb5 0-1

[Event "11th EUR-ch"]
[Site "Rijeka CRO"]
[Date "2010.03.12"]
[Round "7"]
[White "Jovanovic, Zoran"]
[Black "Kreisl, Robert"]
[Result "1/2-1/2"]
[WhiteElo "2526"]
[BlackElo "2389"]
[EventDate "2010.03.06"]
[PlyCount "87"]

1.e4 c5 2.Nc3 Nc6 3.Bb5 Nd4 4.Bc4 e6 5.Nge2 Nf6 6.O-O a6 7.a4 Nxe4 8.Nxe4 
d5 9.d3 dxe4 10.dxe4 Be7 11.Nxd4 cxd4 12.Qg4 Bf6 13.Qg3 Qa5 14.b4 Qe5 15.
Qxe5 Bxe5 16.Bb2 O-O 17.f4 Bd6 18.Bxd4 Bxb4 19.Rfd1 Bd7 20.Rab1 a5 21.Bxg7
Rfc8 22.Rxd7 Rxc4 23.Bf6 Rxe4 24.Rbd1 Bc5+ 25.Kh1 Rxf4 26.Bg5 Rf5 27.h4 
Bf8 28.Rxb7 Rc8 29.Rd3 h6 30.Bd2 Rd5 31.Rg3+ Kh8 32.Bc3+ e5 33.Rxf7 Bb4 
34.Rf6 Kh7 35.Rf7+ Kh8 36.Rf6 Kh7 37.Bxb4 axb4 38.Rf7+ Kh8 39.Rg6 Rd4 40.
Rxh6+ Kg8 41.Rb7 Rxc2 42.a5 Rg4 43.Rd6 Rxh4+ 44.Kg1 1/2-1/2

[Event "11th EUR-ch"]
[Site "Rijeka CRO"]
[Date "2010.03.12"]
[Round "7"]
[White "Manea, Alexandru"]
[Black "Banusz, Tamas"]
[Result "0-1"]
[WhiteElo "2392"]
[BlackElo "2517"]
[EventDate "2010.03.06"]
[PlyCount "116"]

1.d4 Nf6 2.Nf3 e6 3.c4 d5 4.e3 a6 5.Nc3 Nbd7 6.Be2 dxc4 7.Bxc4 b5 8.Bd3 c5
9.O-O Bb7 10.Qe2 Be7 11.a3 O-O 12.dxc5 Nxc5 13.Bc2 Nd5 14.Nxd5 Bxd5 15.Rd1
Qc7 16.e4 Bb3 17.Be3 Rac8 18.Rac1 Bxc2 19.Rxc2 Qb8 20.e5 Qb7 21.Bg5 Bxg5 
22.Nxg5 h6 23.Nf3 Na4 24.Rdc1 Rfd8 25.h3 Nb6 26.Kh2 Rxc2 27.Rxc2 Rd5 28.b3
Nd7 29.Qe3 Qb8 30.Qc1 Qb6 31.Rc8+ Kh7 32.Qf4 f6 33.exf6 Nxf6 34.b4 Rf5 35.
Qd4 Qb7 36.Rc1 Qb8+ 37.Kg1 Rd5 38.Qc3 e5 39.Nd2 e4 40.Nxe4 Nxe4 41.Qc2 Qf4
42.f3 Rd4 43.Re1 Qd2 44.Qb1 Rc4 45.Rd1 Qf2+ 46.Kh1 Rc2 47.Rg1 Ng5 48.Qb3 
Qd2 49.f4 Ne4 50.Qf7 Nd6 51.Qb3 Rc1 52.Qf3 Rxg1+ 53.Kxg1 Nf5 54.Kh2 Qe3 
55.Qf1 Qxa3 56.g4 Qb2+ 57.Kg1 Nd4 58.Qg2 Ne2+ 0-1

[Event "11th EUR-ch"]
[Site "Rijeka CRO"]
[Date "2010.03.12"]
[Round "7"]
[White "Janssen, Ruud"]
[Black "Kanarek, Marcel"]
[Result "1-0"]
[WhiteElo "2516"]
[BlackElo "2388"]
[EventDate "2010.03.06"]
[PlyCount "117"]

1.c4 Nf6 2.Nc3 g6 3.e4 d6 4.d4 Bg7 5.h3 O-O 6.Bg5 Na6 7.Bd3 e5 8.d5 c6 9.
Nge2 Nc5 10.Bc2 cxd5 11.cxd5 a5 12.O-O Bd7 13.a3 a4 14.Qd2 Qe7 15.Rfe1 
Rfc8 16.Nc1 b5 17.Nd3 Be8 18.Rad1 Qb7 19.Nb4 Bd7 20.Rf1 Na6 21.Nxa6 Qxa6 
22.Na2 Nh5 23.Nb4 Qb7 24.Bb1 Nf4 25.Ba2 h6 26.Bxf4 exf4 27.Qxf4 Bxb2 28.
Rd3 Be5 29.Qxh6 Qb6 30.Nc6 Re8 31.Rc1 Rac8 32.h4 Bg7 33.Qf4 Be5 34.Qg5 Kg7
35.g3 Bxc6 36.dxc6 Rxc6 37.Rxc6 Qxc6 38.Rf3 f6 39.Qg4 Qc8 40.Rf5 Qc1+ 41.
Kg2 Qc7 42.h5 g5 43.Qd1 Qc6 44.Bd5 Qc3 45.Qg4 Qc7 46.Qe2 Rb8 47.Rf3 Qc5 
48.Rd3 Qc8 49.Rd2 Qd7 50.Rc2 Rc8 51.Rxc8 Qxc8 52.Qxb5 Kh6 53.Qxa4 Kxh5 54.
Qa7 Kh6 55.a4 g4 56.Qf7 Qh8 57.Be6 Kg5 58.Bxg4 d5 59.Bf5 1-0

[Event "11th EUR-ch"]
[Site "Rijeka CRO"]
[Date "2010.03.12"]
[Round "7"]
[White "Valsecchi, Alessio"]
[Black "Sebenik, Matej"]
[Result "1-0"]
[WhiteElo "2360"]
[BlackElo "2504"]
[EventDate "2010.03.06"]
[PlyCount "67"]

1.e4 e6 2.d4 d5 3.Nc3 Bb4 4.a3 Bxc3+ 5.bxc3 dxe4 6.Qg4 Nf6 7.Qxg7 Rg8 8.
Qh6 c5 9.Ne2 Rg6 10.Qd2 Bd7 11.dxc5 Nc6 12.Rb1 Qc7 13.c4 O-O-O 14.Bb2 e5 
15.Nc3 Nd4 16.Nd5 Qxc5 17.Bxd4 exd4 18.Rd1 Nxd5 19.cxd5 Bg4 20.Qxd4 Qa5+ 
21.Rd2 Rb6 22.f3 Bf5 23.Kf2 Rb1 24.g4 Qxa3 25.fxe4 Bxg4 26.Rd3 Qc1 27.Qe5 
Qxc2+ 28.Kg3 Rb3 29.Rxb3 Qxb3+ 30.Kxg4 Rg8+ 31.Kh4 Rg6 32.Bh3+ Kd8 33.Qb8+
Ke7 34.d6+ 1-0

[Event "11th EUR-ch"]
[Site "Rijeka CRO"]
[Date "2010.03.12"]
[Round "7"]
[White "Erdogdu, Mert"]
[Black "Pankov, German"]
[Result "1-0"]
[WhiteElo "2502"]
[BlackElo "2353"]
[EventDate "2010.03.06"]
[PlyCount "63"]

1.e4 c5 2.Nf3 d6 3.d4 cxd4 4.Nxd4 Nf6 5.Nc3 a6 6.g3 e5 7.Nb3 Nbd7 8.a4 b6 
9.Bg2 Bb7 10.O-O Be7 11.Re1 O-O 12.Nd2 Qc7 13.Nf1 Rac8 14.Ne3 g6 15.Re2 
Qc5 16.Bd2 Rfd8 17.Be1 Nf8 18.Ra3 Ne6 19.Ncd5 Bxd5 20.exd5 Nd4 21.Rd2 b5 
22.axb5 axb5 23.c3 b4 24.cxd4 exd4 25.Rad3 dxe3 26.Rxe3 Bf8 27.Rd4 Bh6 28.
Bxb4 Qc2 29.Re2 Qf5 30.Bc3 Rc5 31.Rd3 Rd7 32.g4 1-0

[Event "11th EUR-ch"]
[Site "Rijeka CRO"]
[Date "2010.03.12"]
[Round "7"]
[White "Raznikov, Danny"]
[Black "Stern, Rene"]
[Result "1/2-1/2"]
[WhiteElo "2331"]
[BlackElo "2501"]
[EventDate "2010.03.06"]
[PlyCount "112"]

1.d4 Nf6 2.Nf3 e6 3.c4 d5 4.g3 dxc4 5.Bg2 c5 6.O-O Nc6 7.Qa4 cxd4 8.Nxd4 
Qxd4 9.Bxc6+ bxc6 10.Qxc6+ Qd7 11.Qxa8 Bc5 12.Nc3 O-O 13.Qf3 Bb7 14.e4 Bb4
15.Qd1 Bxc3 16.Qxd7 Nxd7 17.bxc3 Bxe4 18.f3 Bd3 19.Rf2 Nf6 20.Rb2 Nd5 21.
Bd2 h6 22.a4 Rd8 23.a5 a6 24.Kf2 e5 25.Re1 f6 26.Rb7 Rd6 27.g4 Rc6 28.Ra7 
Bg6 29.h4 Rd6 30.g5 hxg5 31.hxg5 fxg5 32.Rxe5 g4 33.fxg4 Nf6 34.Ree7 Ne4+ 
35.Ke1 Nxd2 36.Rxg7+ Kf8 37.Rxg6 Rxg6 38.Kxd2 Ke8 39.Ke3 Rxg4 40.Rxa6 Kd7 
41.Rf6 Kc7 42.Rf4 Rg5 43.Rxc4+ Kb7 44.Ra4 Ka6 45.c4 Rg3+ 46.Kd4 Rg4+ 47.
Kc5 Rg5+ 48.Kb4 Rg8 49.Ra1 Rb8+ 50.Ka4 Rc8 51.Kb4 Rb8+ 52.Ka4 Rc8 53.Rc1 
Rc5 54.Kb4 Rxa5 55.c5 Rb5+ 56.Kc4 Rb2 1/2-1/2

[Event "11th EUR-ch"]
[Site "Rijeka CRO"]
[Date "2010.03.12"]
[Round "7"]
[White "Danielsen, Henrik"]
[Black "Maevsky, Nikolay"]
[Result "1-0"]
[WhiteElo "2494"]
[BlackElo "2275"]
[EventDate "2010.03.06"]
[PlyCount "69"]

1.c4 e6 2.Nf3 d5 3.d4 Nf6 4.Bg5 h6 5.Bxf6 Qxf6 6.e3 Qd8 7.Nc3 g6 8.Rc1 Bg7
9.b4 O-O 10.Qb3 c6 11.Be2 Nd7 12.O-O dxc4 13.Bxc4 b6 14.Rfd1 Bb7 15.e4 Nf6
16.e5 Ne8 17.a4 Rb8 18.Ne4 Qe7 19.Re1 Rd8 20.a5 Nc7 21.Ra1 Rd7 22.axb6 
axb6 23.Ra7 Rb8 24.h4 Qd8 25.Nd6 Ne8 26.Nxf7 Kxf7 27.Bxe6+ Ke7 28.Bg8 Rd5 
29.b5 Kf8 30.Rxb7 Rxb7 31.bxc6 Rf7 32.Bxf7 Kxf7 33.Ra1 Ke6 34.Ra7 Nc7 35.
Qxb6 1-0

[Event "11th EUR-ch"]
[Site "Rijeka CRO"]
[Date "2010.03.12"]
[Round "7"]
[White "Chirila, Ioan-Cristian"]
[Black "Chudinovskikh, Alexander"]
[Result "1-0"]
[WhiteElo "2487"]
[BlackElo "2314"]
[EventDate "2010.03.06"]
[PlyCount "67"]

1.e4 e5 2.Nf3 Nc6 3.Bb5 a6 4.Ba4 Nf6 5.O-O Be7 6.Re1 b5 7.Bb3 O-O 8.c3 d6 
9.h3 Re8 10.d4 Bb7 11.Nbd2 Bf8 12.d5 Nb8 13.Nf1 Nbd7 14.N3h2 Nc5 15.Bc2 c6
16.b4 Ncd7 17.dxc6 Bxc6 18.Bg5 g6 19.Ng4 h5 20.Nxf6+ Nxf6 21.Bb3 Be7 22.
Qf3 Rf8 23.Bh6 Re8 24.Qg3 d5 25.exd5 Nxd5 26.Rad1 Bh4 27.Qf3 e4 28.Rxe4 
Kh7 29.Rxe8 Qxe8 30.Bxd5 Bxd5 31.Rxd5 Kxh6 32.Qf4+ g5 33.Qf6+ Kh7 34.g3 
1-0

[Event "11th EUR-ch"]
[Site "Rijeka CRO"]
[Date "2010.03.12"]
[Round "7"]
[White "Plenca, Julijan"]
[Black "Berescu, Alin-Mile"]
[Result "1/2-1/2"]
[WhiteElo "2323"]
[BlackElo "2486"]
[EventDate "2010.03.06"]
[PlyCount "100"]

1.e4 c5 2.Nf3 d6 3.d4 cxd4 4.Nxd4 Nf6 5.Nc3 a6 6.g3 e5 7.Nde2 Be7 8.Bg2 
Nbd7 9.O-O b5 10.h3 b4 11.Nd5 Nxd5 12.exd5 a5 13.Be3 Ba6 14.a3 O-O 15.axb4
axb4 16.Qd2 Qc7 17.Rfc1 Nc5 18.g4 Bh4 19.Ng3 Bxg3 20.fxg3 Rfb8 21.Kh2 Nd7 
22.Ra4 Nb6 23.Bxb6 Qxb6 24.Rca1 Qb7 25.b3 h6 26.Be4 Qb6 27.Bd3 Bb7 28.Rxb4
Qc7 29.Rxa8 Rxa8 30.Qg2 g6 31.c4 Bc8 32.Qf2 Ra3 33.Rb5 Kg7 34.Bf1 Ba6 35.
Qb2 Bxb5 36.Qxa3 Bd7 37.b4 f5 38.gxf5 Bxf5 39.c5 Be4 40.Bg2 Bxg2 41.Kxg2 
Qb7 42.c6 Qb5 43.Qa7+ Kf6 44.Qf2+ Ke7 45.Qd2 Qc4 46.Kf2 g5 47.Ke3 Kd8 48.
Kf2 Kc8 49.Ke3 Kd8 50.Kf2 Kc8 1/2-1/2

[Event "11th EUR-ch"]
[Site "Rijeka CRO"]
[Date "2010.03.12"]
[Round "7"]
[White "Saric, Ante"]
[Black "Sheskin, Matan"]
[Result "1/2-1/2"]
[WhiteElo "2483"]
[BlackElo "2207"]
[EventDate "2010.03.06"]
[PlyCount "70"]

1.d4 d5 2.c4 c6 3.Nf3 Nf6 4.e3 e6 5.b3 Nbd7 6.Bb2 Bd6 7.Nbd2 Ne4 8.Nxe4 
dxe4 9.Nd2 f5 10.c5 Bc7 11.d5 O-O 12.d6 Ba5 13.a3 Bxd2+ 14.Qxd2 Nxc5 15.
Qc3 Qf6 16.Qc2 Nd3+ 17.Bxd3 exd3 18.Bxf6 dxc2 19.Be5 b6 20.Rc1 Bb7 21.Rxc2
Rf7 22.f3 Rc8 23.b4 Kf8 24.Kf2 Ke8 25.h4 Kd7 26.h5 Ba6 27.a4 c5 28.b5 Bb7 
29.a5 c4 30.axb6 axb6 31.Ra1 Rc5 32.Ra7 Kc8 33.f4 Rd7 34.Bd4 Be4 35.Rxd7 
Kxd7 1/2-1/2

[Event "11th EUR-ch"]
[Site "Rijeka CRO"]
[Date "2010.03.12"]
[Round "7"]
[White "Arkell, Keith"]
[Black "Kadric, Denis"]
[Result "0-1"]
[WhiteElo "2474"]
[BlackElo "2171"]
[EventDate "2010.03.06"]
[PlyCount "106"]

1.d4 Nf6 2.Nf3 g6 3.c4 Bg7 4.g3 O-O 5.Bg2 d6 6.O-O Nc6 7.Nc3 a6 8.h3 Bd7 
9.Be3 Rb8 10.a4 Qc8 11.Kh2 Na5 12.Nd5 Re8 13.Rc1 Nxd5 14.cxd5 b5 15.axb5 
Rxb5 16.Qc2 Nb3 17.Rcd1 Bf5 18.Qc4 Be4 19.Ne1 Bxg2 20.Nxg2 Qb7 21.Nf4 Bh6 
22.Rd3 Bxf4 23.Bxf4 Na5 24.Qc3 Qxd5 25.b4 Nc6 26.Rd2 Nxb4 27.Qxc7 Qb7 28.
Rc1 Nd5 29.Qxb7 Rxb7 30.Bh6 f5 31.g4 fxg4 32.hxg4 a5 33.Ra2 Ra7 34.e4 Nf6 
35.f3 a4 36.d5 Rea8 37.Kg3 Nd7 38.Be3 Rb7 39.Rc3 Rb4 40.Bg5 Kf7 41.Rh2 Rh8
42.Rc7 Nf6 43.Ra7 h5 44.Bd2 Rb3 45.Rxa4 Nxg4 46.Rh3 Ne5 47.Kf2 Rb2 48.Ke3 
Rc8 49.Be1 Rb3+ 50.Ke2 Rc2+ 51.Kd1 Rg2 52.Ra1 Nc4 53.Kc1 Ne3 0-1

[Event "11th EUR-ch"]
[Site "Rijeka CRO"]
[Date "2010.03.12"]
[Round "7"]
[White "Nakar, Eylon"]
[Black "Neubauer, Martin"]
[Result "0-1"]
[WhiteElo "2264"]
[BlackElo "2465"]
[EventDate "2010.03.06"]
[PlyCount "69"]

1.e4 e5 2.Nf3 Nc6 3.Bb5 Nf6 4.d3 Bc5 5.c3 O-O 6.O-O Re8 7.d4 Bf8 8.Bg5 
exd4 9.Bxc6 dxc6 10.e5 h6 11.Bh4 g5 12.Qxd4 Qxd4 13.Nxd4 Nh5 14.Bg3 Nxg3 
15.hxg3 Rxe5 16.Nd2 Bd7 17.Nc4 Ree8 18.Ne3 Rad8 19.Rad1 c5 20.Ndf5 Be6 21.
b3 Bg7 22.Nxg7 Kxg7 23.g4 a5 24.Rfe1 a4 25.bxa4 Rxd1 26.Rxd1 Ra8 27.Nf5+ 
Kf6 28.Nxh6 Rxa4 29.g3 b5 30.Rd8 Rxa2 31.Rb8 Rb2 32.f4 b4 33.cxb4 cxb4 34.
Ng8+ Kg7 35.fxg5 0-1

[Event "11th EUR-ch"]
[Site "Rijeka CRO"]
[Date "2010.03.12"]
[Round "7"]
[White "Kalegin, Evgeny"]
[Black "Ernst, Michael"]
[Result "1-0"]
[WhiteElo "2456"]
[BlackElo "2166"]
[EventDate "2010.03.06"]
[PlyCount "65"]

1.e4 e6 2.d4 d5 3.Nc3 Nf6 4.e5 Nfd7 5.f4 c5 6.Nf3 Nc6 7.Be3 a6 8.Qd2 b5 9.
a3 g6 10.g3 c4 11.Bg2 h5 12.O-O Ne7 13.h3 Nb6 14.g4 Bb7 15.Bf2 Qd7 16.Bh4 
Ng8 17.f5 Be7 18.fxg6 fxg6 19.Bxe7 Qxe7 20.Ng5 Nh6 21.Rf6 Bc8 22.Raf1 hxg4
23.hxg4 Bd7 24.Rxg6 O-O-O 25.Nxe6 Nxg4 26.Ng5 Rdg8 27.Rxb6 Rxg5 28.e6 Rh1+
29.Bxh1 Ne3+ 30.Kf2 Nxf1 31.Qf4 Kd8 32.Qb8+ Bc8 33.Rd6+ 1-0

[Event "11th EUR-ch"]
[Site "Rijeka CRO"]
[Date "2010.03.12"]
[Round "7"]
[White "Smirin, Ilia"]
[Black "Mazi, Leon"]
[Result "1-0"]
[WhiteElo "2647"]
[BlackElo "2375"]
[EventDate "2010.03.06"]
[PlyCount "67"]

1.e4 c5 2.Nf3 d6 3.d4 cxd4 4.Nxd4 Nf6 5.Nc3 a6 6.f4 Qc7 7.Qf3 e6 8.g4 Nc6 
9.Nxc6 bxc6 10.g5 Nd7 11.b3 Be7 12.h4 h6 13.Bb2 e5 14.O-O-O exf4 15.gxh6 
Rxh6 16.Qxf4 g5 17.Qe3 Rxh4 18.Rxh4 gxh4 19.Na4 Rb8 20.Qh6 Nf8 21.Kb1 Bg4 
22.Rd2 Qa5 23.e5 d5 24.Qe3 Ne6 25.Rg2 Bg5 26.Qf2 Bf3 27.Rg1 Qd2 28.Qxd2 
Bxd2 29.Rg8+ Nf8 30.Nc5 Bh6 31.Nxa6 Rd8 32.Bh3 f6 33.exf6 Bf4 34.Be6 1-0

[Event "11th EUR-ch"]
[Site "Rijeka CRO"]
[Date "2010.03.12"]
[Round "7"]
[White "Banikas, Hristos"]
[Black "Lanzani, Mario"]
[Result "1-0"]
[WhiteElo "2617"]
[BlackElo "2371"]
[EventDate "2010.03.06"]
[PlyCount "91"]

1.c4 c5 2.Nf3 Nf6 3.Nc3 d5 4.cxd5 Nxd5 5.g3 Nc6 6.Bg2 Nc7 7.d3 e5 8.Nd2 
Bd7 9.O-O Be7 10.Nc4 f6 11.f4 O-O 12.fxe5 fxe5 13.Rxf8+ Bxf8 14.Be3 Kh8 
15.Qb3 b5 16.Bxc6 bxc4 17.Qa4 Bxc6 18.Qxc6 cxd3 19.exd3 Qxd3 20.Re1 Qd6 
21.Qxd6 Bxd6 22.Ne4 Bf8 23.Bxc5 Ne6 24.Bxf8 Rxf8 25.Nd2 Nc5 26.Rxe5 Nd3 
27.Re7 h6 28.Nc4 a5 29.Ne5 Nxe5 30.Rxe5 Rb8 31.Re2 Kh7 32.Kf2 Kg6 33.Ke3 
Kf5 34.Kd4 Kg4 35.b3 a4 36.bxa4 Rb4+ 37.Kc5 Rxa4 38.Kb5 Ra3 39.Kb4 Ra8 40.
a4 Kh3 41.a5 g5 42.Ra2 g4 43.a6 h5 44.Kb5 h4 45.gxh4 Kxh4 46.Ra3 1-0

[Event "11th EUR-ch"]
[Site "Rijeka CRO"]
[Date "2010.03.12"]
[Round "7"]
[White "Saric, Ivan"]
[Black "Slavin, Alexei"]
[Result "0-1"]
[WhiteElo "2607"]
[BlackElo "2368"]
[EventDate "2010.03.06"]
[PlyCount "99"]

1.e4 c5 2.Nf3 g6 3.d4 cxd4 4.Nxd4 Bg7 5.Nc3 Nc6 6.Be3 Nf6 7.Bc4 O-O 8.Bb3 
a5 9.O-O a4 10.Nxa4 Nxe4 11.Nb5 d5 12.Bb6 Qd7 13.c3 Ne5 14.Qc2 Nc4 15.Na7 
Ned6 16.Bxc4 Nxc4 17.b3 Nd6 18.Nxc8 Nxc8 19.Bd4 e5 20.Be3 b5 21.Nc5 Qc6 
22.Rac1 Nd6 23.Nd3 Nf5 24.Nb4 Qb7 25.Rfd1 Rfd8 26.Qd2 Nxe3 27.Qxe3 Rac8 
28.Qd2 d4 29.cxd4 Rxd4 30.Qe1 Rxc1 31.Rxc1 Qd7 32.Nc2 Rd2 33.Ne3 Bh6 34.g3
Rxa2 35.Rd1 Qe6 36.Nd5 Bf8 37.b4 Rc2 38.Qe3 Rc4 39.Qg5 Kg7 40.Ne3 Rxb4 41.
Nd5 Rc4 42.Qd8 Bc5 43.Nc7 Bxf2+ 44.Kf1 Qf5 45.Ne8+ Kh6 46.Nd6 Qf3 47.Nxf7+
Qxf7 48.Kg2 Rc2 49.Qh4+ Kg7 50.Qe4 0-1

[Event "11th EUR-ch"]
[Site "Rijeka CRO"]
[Date "2010.03.12"]
[Round "7"]
[White "Grimberg, Boris"]
[Black "Medvegy, Zoltan"]
[Result "1/2-1/2"]
[WhiteElo "2352"]
[BlackElo "2556"]
[EventDate "2010.03.06"]
[PlyCount "153"]

1.e4 c6 2.d4 d5 3.Nc3 dxe4 4.Nxe4 Bf5 5.Ng3 Bg6 6.h4 h6 7.Nf3 Nd7 8.h5 Bh7
9.Bd3 Bxd3 10.Qxd3 e6 11.Bd2 Ngf6 12.O-O-O Be7 13.Kb1 O-O 14.Ne4 c5 15.g4 
Nxg4 16.Rhg1 f5 17.Bc3 Ndf6 18.Nxf6+ Bxf6 19.Qe2 Qe7 20.Ne5 Nxe5 21.dxe5 
Bg5 22.Rd6 Rad8 23.Rgd1 Qf7 24.a4 f4 25.Qf3 b6 26.a5 bxa5 27.Bxa5 Rde8 28.
R1d3 Qf5 29.Rd7 Rf7 30.Bc7 Ref8 31.b3 Kh7 32.Rxf7 Rxf7 33.Bb8 g6 34.hxg6+ 
Kxg6 35.Bd6 h5 36.Rd1 h4 37.Rh1 Rh7 38.Rh3 a5 39.Qg2 Ra7 40.Rxh4 a4 41.Rh3
axb3 42.Rxb3 c4 43.Rc3 Qf7 44.Qe4+ Kg7 45.Rxc4 Qh5 46.Rc7+ Rxc7 47.Bxc7 
Qd1+ 48.Kb2 f3 49.Bd6 Qc1+ 50.Kb3 Qb1+ 51.Ka4 Qa1+ 52.Ba3 Qd1 53.Kb3 Kh6 
54.Qc6 Qe2 55.Qxe6+ Kh5 56.Qf7+ Kg4 57.Qc4+ Kf5 58.Qxe2 fxe2 59.Bb4 Kxe5 
60.Be1 Kd4 61.Kb4 Ke4 62.Kc4 Kf3 63.Kd3 Bh4 64.c4 Bxf2 65.Kd2 Be3+ 66.Kd3 
Bg1 67.Bd2 Be3 68.Be1 Bc5 69.Bc3 Kf2 70.Ke4 Kf1 71.Kd5 Bf2 72.c5 Be1 73.
Bxe1 Kxe1 74.c6 Kf1 75.c7 e1=Q 76.c8=Q Qd1+ 77.Kc6 1/2-1/2

[Event "11th EUR-ch"]
[Site "Rijeka CRO"]
[Date "2010.03.12"]
[Round "7"]
[White "Holzke, Frank"]
[Black "Hoffmann, Paul"]
[Result "1-0"]
[WhiteElo "2526"]
[BlackElo "2361"]
[EventDate "2010.03.06"]
[PlyCount "53"]

1.e4 c5 2.Nf3 d6 3.c3 Nf6 4.Bc4 e6 5.Qe2 a6 6.Bb3 Nc6 7.O-O b5 8.d4 c4 9.
Bc2 e5 10.Rd1 Bg4 11.h3 Bxf3 12.Qxf3 Nd7 13.dxe5 Ncxe5 14.Qg3 Be7 15.Qxg7 
Bf6 16.Qh6 Nc5 17.Be3 Ned3 18.Bxc5 Nxc5 19.Nd2 Bg5 20.Qh5 Ne6 21.Nf3 Rg8 
22.e5 Be7 23.Qxh7 Rg7 24.Qe4 Ra7 25.exd6 Bxd6 26.Qc6+ Ke7 27.Nh4 1-0